Game of Thrones: Ultimate Death Quiz - Statistics

General Stats
  • This quiz has been taken 269 times
    184 since last reset
  • The average score is 56 of 101
Answer Stats
Hint Killer Victim % Correct
Killed by a boar while hunting drunk. Boar Robert Baratheon
96%
Beheaded on the orders of King Joffrey. Ilyn Payne Eddard Stark
94%
Stabbed by a shadow. Stannis Baratheon, Melisandre Renly Baratheon
94%
Burned with molten gold. Khal Drogo Viserys Targaryen
94%
Drank wine poisoned by the Tears of Lys. Lysa Arryn, Petyr Baelish Jon Arryn
92%
Smothered after being left in a vegetative state. Daenerys Targaryen Khal Drogo
92%
Poisoned with the strangler at his own wedding. Olenna Tyrell, Petyr Baelish Joffrey Baratheon
81%
Shot twice with a crossbow. Tyrion Lannister Tywin Lannister
81%
Strangled to death. Tyrion Lannister Shae
80%
Stabbed to death by his own men. Alliser Thorne, Olly, Othell Yarwyck, Bowen Marsh Jon Snow
79%
Pushed out the moon door and fell to her death. Petyr Baelish Lysa Arryn
79%
Wounded by crossbowmen, then stabbed in the heart. Roose Bolton Robb Stark
79%
Poisoned by the Long Farewell. Ellaria Sand Myrcella Baratheon
78%
Committed suicide by jumping from a window. Himself Tommen Baratheon
78%
Died peacefully of old age. Aemon Targaryen
77%
Skull crushed. Gregor Clegane Oberyn Martell
77%
Eaten alive by his own hounds Hounds Ramsay Bolton
77%
Shot in the back with an arrow. Olly Ygritte
76%
Torn apart while holding the door. Wights Hodor
75%
Beheaded after the battle of Winterfell Brienne of Tarth Stannis Baratheon
75%
Throat slit. Arya Stark Walder Frey
75%
Throat slit. Walder Rivers Catelyn Stark
73%
Daenerys Targaryen
73%
Burned alive in a wildfire explosion. (Name one) Cersei Lannister Lancel, Kevan, Loras, Margaery, Mace, High Sparrow
73%
Shot with an arrow out of mercy. Melisandre, Jon Snow Mance Rayder
73%
Olenna Tyrell
73%
Burned alive as a sacrifice. Melisandre Shireen Baratheon
73%
Gregor Clegane
72%
Sandor Clegane
72%
Jaime Lannister
71%
Cersei Lannister
70%
Hung for treason. (Name one.) Jon Snow Alliser Thorne, Olly, Othel Yarwyck, Bowen Marsh
69%
Thrown from a bridge and fell to his death. Euron Greyjoy Balon Greyjoy
69%
Executed on Cersei's commands. Eddard Stark Lady
69%
Night King
69%
Fatally stabbed in the chest. Ramsay Bolton Roose Bolton
69%
Stabbed repeatedly in the stomach. Lothar Frey Talisa Stark
69%
Shot in the back with an arrow. Ramsay Bolton Rickon Stark
68%
Beheaded for treason. Robb Stark Rickard Karstark
66%
Stabbed repeatedly. Qyburns Little Birds. Grand Maester Pycelle
65%
Shot numerous times with a crossbow. Joffrey Baratheon Ros
65%
Slain while fighting. Sons of the Harpy Barristan Selmy
59%
Killed while defending Riverrun Lannister and Frey soldiers Brynden Tully
59%
Dickon Tarly
58%
Bled to death after being stabbed in his chest. Ellaria Sand Doran Martell
58%
Euron Greyjoy
57%
Impaled with her own spear. Obara Sand
56%
Beheaded for abandoning the Night's Watch. Eddard Stark Will
56%
Beheaded. Theon Greyjoy Rodrik Cassel
53%
Randyll Tarly
52%
Benjen Stark
51%
Mauled to death by hounds. Ramsay Bolton, Hounds Walda Frey
51%
Stabbed to death. Rast Jeor Mormont
50%
Missandei
50%
Fell to her death. Theon Greyjoy Myranda
50%
Rhaegal
50%
Left in a vault to die. Daenerys Targaryen Xaro Xhoan Daxos
50%
Stabbed repeatedly and throat slit. Arya Stark Meryn Trant
49%
Strangled by her own whip, then hung. Euron Greyjoy Nymeria Sand
49%
Petyr Baelish
48%
Viserion
48%
Thoros of Myr
47%
Killed fighting a Giant. Mag Mar Tun Doh Weg Grenn
46%
Lyanna Mormont
46%
Theon Greyjoy
45%
Stabbed through the throat. Karl Tanner Craster
44%
Stabbed in the neck. Ramsay Bolton Osha
44%
Qyburn
44%
Stabbed in the throat. Arya Stark Polliver
43%
Stabbed in the throat. Polliver Lommy Greenhands
42%
Stabbed with a spear, later euthanized. Dagmer, Osha Luwin
42%
Impaled through the back of the head. Obara Sand Trystane Martell
42%
Stabbed multiple times then throat cut out of mercy. Wights Jojen Reed
41%
Doreah
40%
Jorah Mormont
40%
Neck broken. Hodor, Bran Stark Locke
40%
Committed suicide by hanging. Herself Selyse Baratheon
40%
Killed to be represented to Ramsay Bolton Smalljon Umber Shaggydog
40%
Tyene Sand
40%
Arya Stark Walder Rivers
40%
Shot by crossbowmen. Frey crossbowmen Greywind
37%
Killed and carved into a pie. Arya Stark Lothar Frey
37%
Shot through the neck with an arrow. Ygritte Pypar
36%
Melisandre
35%
Mauled to death. Ghost Rast
35%
Neck broken. Jaqen H'ghar The Tickler
35%
Presumably stabbed to death Arya Stark The Waif
35%
Executed by blade. Night King Three-eyed Raven
35%
Stabbed to death out of revenge. Rickard Karstark Willem Lannister
35%
Stabbed in the back. Amory Lorch Yoren
35%
Impaled through the back of the head. Jon Snow Karl Tanner
32%
Martyn Lannister
31%
Mauled. Wights Summer
31%
Burned alive. Dragons Pyat Pree
30%
Shot with an arrow tipped with Wolfsbane Jaqen H'ghar Amory Lorch
28%
Dolorous Edd
27%
Throat torn out and stabbed repeatedly. Tormund Smalljon Umber
27%
Beric Dondarrion
23%
Stabbed to death. Jon Snow Orell
19%
Bludgeoned with a forcing hammer. Jon Snow Styr
19%
Varys
15%
No matching quizzes found
Score Distribution
Percent of People with Each Score
Percentile by Number Answered
Your Score History
You have not taken this quiz since the last reset